Typológia budov : Kultúrno-osvetové budovy,jasle,materské školy

Salvato in:
Dettagli Bibliografici
Autori principali: Huntier, Jozef (Autore), Samová, Mária, 1946- (Autore)
Natura: Libro
Lingua:slovacco
Pubblicazione: Bratislava : SVŠT v Bratislave, 1987
Tags: Aggiungi Tag
Nessun Tag, puoi essere il primo ad aggiungerne!!

MARC

LEADER 00000nam a22000003a 4500
001 stu29787
005 20150617225737.5
008 951003s1987----xo------------------slo-d
040 |a STU  |b slo 
041 0 |a slo 
044 |a xo 
080 |a 727(075.8)  |7 stu_us_auth*stu13096 
100 1 |a Huntier, Jozef  |4 aut 
245 1 |a Typológia budov :  |b Kultúrno-osvetové budovy,jasle,materské školy 
260 |a Bratislava :  |b SVŠT v Bratislave,  |c 1987 
300 |a 163 s 
700 1 |a Samová, Mária,  |d 1946-  |4 aut  |u A8180  |U FAD Fakulta architektúry  |T FA Ústav architektúry občianskych budov  |X 454  |U A8180  |Y 399  |7 A000000454 
996 |b 284V002889  |c V*30435/S-89  |l VVS  |s A  |a 24  |w stu29787_0001 
996 |b 284V002888  |c V*30436/S-89  |l VVS  |s A  |a 24  |w stu29787_0002 
996 |b 284V023630  |c V*34987/O-14472  |l VVT  |s A  |a 24  |w stu29787_0003 
996 |b 284V029736  |c V*34988/O-14472a  |l VVT  |s A  |a 24  |w stu29787_0004